Anita na escola de vela (Registo nº 5994)
[ vista simples ]
| 000 -Etiqueta do registo | |
|---|---|
| Valores | 00634nam 22002293 4500 |
| 021 ## - Número do Depósito Legal | |
| Número | 51532/91 |
| 100 ## - Dados gerais de processamento | |
| Dados gerais | 20211231d1991 u||y0pory50 ba |
| 200 ## - Titulo e menção de responsabilidade | |
| Título próprio | Anita na escola de vela |
| Primeira menção de responsabilidade | Gilbert Delahaye |
| Outras menções de responsabilidade | il.Marcel Marlier |
| 210 ## - Publicação | |
| Local de publicação | Lisboa |
| Nome do editor | Editorial Verbo |
| Data de publicação | 1991 |
| 215 ## - Descrição física | |
| Paginação / Volumes | 21 p. |
| Outras indicações físicas | il. |
| 225 ## - Colecção | |
| Título próprio da colecção | Anita |
| Indicação de volume | 5 |
| 606 ## - Nome comum usado como assunto | |
| ID Autoridade | 14 |
| Palavra de ordem | Literatura infantil |
| 606 ## - Nome comum usado como assunto | |
| ID Autoridade | 13 |
| Palavra de ordem | Literatura Estrangeira |
| 675 ## - CDU | |
| Notação | 82-93 |
| Edição | BN |
| Língua | por |
| 675 ## - CDU | |
| Notação | 821.1/.8 |
| Edição | BN |
| Língua | por |
| 700 ## - Autor principal (pessoa individual) | |
| ID Autoridade | 5332 |
| Apelido | Delahaye |
| Nome | Gilbert |
| 702 ## - Autor secundário (pessoa individual) | |
| ID Autoridade | 5333 |
| Apelido | Marlier |
| Nome | Marcel |
| 801 ## - Fonte de origem | |
| País | PT |
| Agência | BMVN |
| Regras de catalogação | RPC |
| 830 ## - Notas gerais do catalogador | |
| Criado por | Maria Baixo |
| Data de criação | 31122021 |
| 990 ## - Elementos KOHA | |
| Tipo de documento | Livro |
| Situação do levantamento | Biblioteca de origem | Código de barras | Cota | Permissão de empréstimo | Tipo de documento | Forma de aquisição |
|---|---|---|---|---|---|---|
| Biblioteca Municipal de Vendas Novas | 100000004143 | LI EST/DEL | Livro |